[Event "Cap d'Agde CCAS op"]
[Site "Cap d'Agde"]
[Date "2013.11.01"]
[Round "8"]
[White "Cornette, Matthieu"]
[Black "Deleva, Michael"]
[Result "1-0"]
[WhiteElo "2570"]
[BlackElo "2235"]
[PlyCount "59"]
[EventDate "2013.10.26"]
[EventType "swiss"]
[EventRounds "9"]
[EventCountry "FRA"]
[SourceTitle "EXT 2016"]
[Source "ChessBase"]
[SourceDate "2015.10.08"]
[SourceVersion "1"]
[SourceVersionDate "2015.10.08"]
[SourceQuality "1"]

1. e4 d6 2. Nc3 Nf6 3. f4 Bg4 4. Nf3 d5 5. e5 Ne4 6. Qe2 Nxc3 7. bxc3 e6 8. Rb1 Nd7 9. Rxb7 Bc5 10. Rb3 0-0 11. h3 Bf5 12. d4 Be7 13. g4 Be4 14. Bg2 c5 15. 0-0 c4 16. Rb5 Qc8 17. Rb1 Qa6 18. Ra1 Qa5 19. Qe3 Rab8 20. Ne1 Nb6 21. f5 f6 22. exf6 Bxf6 23. g5 Be7 24. f6 Bd6 25. Bd2 Bxg2 26. Nxg2 Na4 27. fxg7 Rxf1+ 28. Rxf1 Qc7 29. Nf4 Qe7 30. Nh5 1-0

[Event "La Rosiere op"]
[Site "Bourg Saint Maurice"]
[Date "2013.08.27"]
[Round "3"]
[White "Deleva, Michael"]
[Black "Costa, Anthony"]
[Result "1-0"]
[WhiteElo "2214"]
[BlackElo "1695"]
[PlyCount "59"]
[EventDate "2013.08.25"]
[EventType "swiss"]
[EventRounds "7"]
[EventCountry "FRA"]
[SourceTitle "EXT 2015"]
[Source "ChessBase"]
[SourceDate "2014.11.20"]
[SourceVersion "1"]
[SourceVersionDate "2014.11.20"]
[SourceQuality "1"]

1. d4 c5 2. d5 e5 3. Nc3 d6 4. e4 Be7 5. a4 Bg5 6. Bxg5 Qxg5 7. Nf3 Qe7 8. Nd2 Nf6 9. Nc4 0-0 10. Be2 Nbd7 11. g4 Rd8 12. g5 Ne8 13. Qd2 Nf8 14. Bh5 Nc7 15. f4 exf4 16. Qxf4 Rb8 17. Rf1 Ng6 18. Bxg6 fxg6 19. 0-0-0 b5 20. Nxd6 Bh3 21. Rf3 Rf8 22. Nf5 Qd7 23. Rxh3 gxf5 24. e5 bxa4 25. e6 Nxe6 26. dxe6 Qxe6 27. Qd6 Qc4 28. Qd5+ Qxd5 29. Rxd5 f4 30. Rf3 1-0

[Event "Vaujany op 4th"]
[Site "Vaujany"]
[Date "2013.07.16"]
[Round "6"]
[White "Deleva, Michael"]
[Black "Van Foreest, Lucas"]
[Result "1/2-1/2"]
[WhiteElo "2225"]
[BlackElo "2082"]
[PlyCount "66"]
[EventDate "2013.07.11"]
[EventType "swiss"]
[EventRounds "9"]
[EventCountry "FRA"]
[SourceTitle "EXT 2014"]
[Source "ChessBase"]
[SourceDate "2013.11.20"]
[SourceVersion "1"]
[SourceVersionDate "2013.11.20"]
[SourceQuality "1"]

1. d4 Nf6 2. c4 g6 3. Nc3 Bg7 4. e4 d6 5. Be2 0-0 6. Be3 Nbd7 7. g4 e5 8. d5 Nc5 9. f3 Ne8 10. h4 Bf6 11. Bf2 Bg7 12. h5 f5 13. hxg6 hxg6 14. gxf5 gxf5 15. Qd2 Nf6 16. Bxc5 dxc5 17. 0-0-0 f4 18. Bf1 Ne8 19. Qh2 Qg5 20. Rd2 Qg3 21. Qxg3 fxg3 22. Rg2 Nd6 23. Rxg3 Bd7 24. Bh3 Bxh3 25. Nxh3 Nxc4 26. Ng5 Rae8 27. Ne6 Rf7 28. Rhg1 Ree7 29. Nxc5 Nd6 30. Ne6 Kh8 31. Nxg7 Rxg7 32. Rxg7 Rxg7 33. Rxg7 Kxg7 1/2-1/2

[Event "Vaujany op 4th"]
[Site "Vaujany"]
[Date "2013.07.14"]
[Round "4"]
[White "Boucquet, Emile"]
[Black "Deleva, Michael"]
[Result "0-1"]
[WhiteElo "2045"]
[BlackElo "2225"]
[PlyCount "176"]
[EventDate "2013.07.11"]
[EventType "swiss"]
[EventRounds "9"]
[EventCountry "FRA"]
[SourceTitle "EXT 2014"]
[Source "ChessBase"]
[SourceDate "2013.11.20"]
[SourceVersion "1"]
[SourceVersionDate "2013.11.20"]
[SourceQuality "1"]

1. d4 d6 2. c4 e5 3. d5 f5 4. Nc3 Nf6 5. f3 Be7 6. e4 0-0 7. Bd3 fxe4 8. Bxe4 Nxe4 9. Nxe4 Bf5 10. Be3 Bxe4 11. fxe4 Bh4+ 12. g3 Bg5 13. Qd2 Bxe3 14. Qxe3 Nd7 15. Nh3 a5 16. 0-0-0 Nc5 17. Nf2 Qf6 18. Nd3 Nxd3+ 19. Qxd3 Qh6+ 20. Qd2 Qh3 21. Rde1 Rf6 22. Re2 Qd7 23. Rf2 Rxf2 24. Qxf2 Rf8 25. Qe2 Qh3 26. Rg1 Rf6 27. Rg2 Qh6+ 28. Kc2 Qg6 29. Kd3 Qf7 30. Ke3 c6 31. Rf2 cxd5 32. cxd5 Rxf2 33. Qxf2 Qc7 34. Kd3 Qc1 35. Qc2 Qf1+ 36. Qe2 Qg1 37. Qc2 Qd4+ 38. Ke2 h5 39. h4 Kh7 40. Kf3 a4 41. a3 b6 42. Kg2 Qe3 43. Qxa4 Qe2+ 44. Kg1 Qf3 45. Kh2 Qf2+ 46. Kh3 Qg1 47. Qc2 Qh1+ 48. Qh2 Qxe4 49. Qg2 Qd3 50. b4 e4 51. a4 Qxd5 52. a5 bxa5 53. bxa5 Qa8 54. a6 g6 55. Qa2 e3 56. Qf7+ Kh6 57. Qb7 Qe8 58. a7 e2 59. a8Q e1Q 60. Qxe8 Qxe8 61. Qb6 Qd7+ 62. Kg2 Kh7 63. Kh2 Qe7 64. Kg2 Qe2+ 65. Kg1 Qe7 66. Kh2 Kg7 67. Qd4+ Qe5 68. Qa7+ Kf6 69. Qf2+ Ke6 70. Qf8 Qe2+ 71. Kg1 Qd1+ 72. Kg2 Qc2+ 73. Kg1 Qf5 74. Qc8+ Kf6 75. Qh8+ Kf7 76. Qh7+ Ke6 77. Qg8+ Ke5 78. Qe8+ Qe6 79. Qb5+ d5 80. Qe2+ Kf6 81. Qb2+ Qe5 82. Qb6+ Kf5 83. Qf2+ Kg4 84. Kh2 d4 85. Qg1 d3 86. Qf2 Qe2 87. Kh1 Kh3 88. Kg1 Qd1+ 0-1

[Event "Vaujany op 3rd"]
[Site "Vaujany"]
[Date "2012.07.17"]
[Round "6"]
[White "Deleva, Michael"]
[Black "Vrest, Jean Francois"]
[Result "1-0"]
[WhiteElo "2255"]
[BlackElo "2046"]
[PlyCount "81"]
[EventDate "2012.07.12"]
[EventType "swiss"]
[EventRounds "9"]
[EventCountry "FRA"]
[SourceTitle "CBM 149 Extra"]
[Source "ChessBase"]
[SourceDate "2012.08.24"]
[SourceVersion "1"]
[SourceVersionDate "2012.08.24"]
[SourceQuality "1"]

1. e4 e5 2. Nf3 Nc6 3. Bb5 a6 4. Bxc6 dxc6 5. 0-0 f6 6. d4 exd4 7. Nxd4 c5 8. Ne2 Qxd1 9. Rxd1 Bd7 10. Nbc3 0-0-0 11. Be3 Re8 12. Rd2 Bc6 13. Rad1 b6 14. f3 Ne7 15. Nf4 Ng6 16. Nh5 Rg8 17. Nd5 Be7 18. c4 Bd8 19. Kf2 Ne5 20. b3 Ref8 21. g4 g6 22. Ng3 Bd7 23. Bf4 Be6 24. Ne2 Nc6 25. Nxb6+ cxb6 26. Rd6 Bxg4 27. fxg4 Nb8 28. Re6 Rf7 29. Nc3 f5 30. gxf5 gxf5 31. e5 Rfg7 32. Kf3 Rg6 33. Red6 Be7 34. Rxg6 hxg6 35. e6 Bd8 36. Bxb8 Kxb8 37. Kf4 Kc8 38. Nd5 Re8 39. Ke5 Rh8 40. e7 Rxh2 41. Nxb6+ 1-0

[Event "Vaujany op 3rd"]
[Site "Vaujany"]
[Date "2012.07.13"]
[Round "2"]
[White "Deleva, Michael"]
[Black "Torma, Robert"]
[Result "0-1"]
[WhiteElo "2255"]
[BlackElo "2424"]
[PlyCount "58"]
[EventDate "2012.07.12"]
[EventType "swiss"]
[EventRounds "9"]
[EventCountry "FRA"]
[SourceTitle "CBM 149 Extra"]
[Source "ChessBase"]
[SourceDate "2012.08.24"]
[SourceVersion "1"]
[SourceVersionDate "2012.08.24"]
[SourceQuality "1"]

1. d4 f5 2. Bg5 g6 3. Nc3 Bg7 4. h4 h6 5. Bf4 Nf6 6. Qd3 d6 7. 0-0-0 0-0 8. f3 Qe8 9. Qd2 Kh7 10. e4 e5 11. dxe5 dxe5 12. Be3 f4 13. Bc5 Rf7 14. Bb5 c6 15. Bc4 Rd7 16. Qe2 Nh5 17. Bf2 b5 18. Bb3 a5 19. a4 b4 20. Nb1 c5 21. Bd5 Ba6 22. Qe1 Bb7 23. Ne2 Bxd5 24. exd5 e4 25. Bxc5 Na6 26. Bd4 exf3 27. gxf3 Re7 28. Rh2 Ng3 29. Bxg7 Rxe2 0-1

[Event "EU-ch 12th"]
[Site "Aix les Bains"]
[Date "2011.03.28"]
[Round "7"]
[White "Gritsak, Orest"]
[Black "Deleva, Michael"]
[Result "1-0"]
[WhiteElo "2539"]
[BlackElo "2236"]
[PlyCount "97"]
[EventDate "2011.03.22"]
[EventType "swiss"]
[EventRounds "11"]
[EventCountry "FRA"]
[SourceTitle "CBM 142 Extra"]
[Source "ChessBase"]
[SourceDate "2011.06.27"]
[SourceVersion "1"]
[SourceVersionDate "2011.06.27"]
[SourceQuality "1"]

1. c4 c6 2. Nf3 d5 3. e3 Nf6 4. Nc3 a6 5. b3 Bf5 6. Be2 e6 7. Nh4 Bg6 8. Bb2 Bd6 9. 0-0 Ne4 10. g3 Nxc3 11. Bxc3 0-0 12. Nxg6 hxg6 13. b4 Qe7 14. Qb3 Nd7 15. a4 dxc4 16. Qxc4 Rfc8 17. Rfb1 e5 18. Bg4 Rc7 19. Bxd7 Qxd7 20. Qd3 Qe6 21. b5 Qd5 22. Qxd5 cxd5 23. bxa6 bxa6 24. Rb6 Bc5 25. Rb3 f6 26. Ba5 Rd7 27. Rc1 Be7 28. Rc6 Kf7 29. h4 Rda7 30. Rd3 Rd7 31. Rb3 Rda7 32. Rd3 Rd7 33. Kf1 Rb8 34. Rxa6 Rb1+ 35. Ke2 e4 36. Rc3 Ra1 37. Bb6 Ra2 38. Rb3 Rb7 39. Rb5 Rc2 40. Rxd5 Rc1 41. a5 Ra1 42. Ra7 Rxa7 43. Bxa7 Bb4 44. Bb6 Ra2 45. Rd7+ Kg8 46. Rd4 Bc3 47. Rxe4 Bxd2 48. Re8+ Kh7 49. Ra8 1-0

[Event "EU-ch 12th"]
[Site "Aix les Bains"]
[Date "2011.03.25"]
[Round "4"]
[White "Deleva, Michael"]
[Black "Stefansson, Hannes"]
[Result "1/2-1/2"]
[WhiteElo "2236"]
[BlackElo "2557"]
[PlyCount "203"]
[EventDate "2011.03.22"]
[EventType "swiss"]
[EventRounds "11"]
[EventCountry "FRA"]
[SourceTitle "CBM 142 Extra"]
[Source "ChessBase"]
[SourceDate "2011.06.27"]
[SourceVersion "1"]
[SourceVersionDate "2011.06.27"]
[SourceQuality "1"]

1. Nf3 d5 2. g3 c6 3. Bg2 Nf6 4. 0-0 Bf5 5. d3 h6 6. Nbd2 e6 7. b3 a5 8. a3 Bc5 9. Bb2 0-0 10. Qe1 Bh7 11. e4 b5 12. Ne5 Nfd7 13. Ndf3 Re8 14. Nxd7 Nxd7 15. Qc3 Bf8 16. Nd4 Rc8 17. Qd2 Qb6 18. b4 axb4 19. axb4 dxe4 20. dxe4 Ne5 21. Nb3 Nc4 22. Qc3 Nxb2 23. Qxb2 Bxb4 24. Rfd1 Red8 25. h3 Bg6 26. Bf3 Be7 27. h4 c5 28. h5 Bh7 29. Nd2 c4 30. Nf1 Qc6 31. Ne3 b4 32. Rxd8+ Rxd8 33. Qa2 Bf6 34. Rb1 b3 35. cxb3 c3 36. Qa4 Qb6 37. Kg2 Bd4 38. Nc4 Qc5 39. Qa5 Qxa5 40. Nxa5 Re8 41. Nc6 e5 42. Rd1 f6 43. Nxd4 exd4 44. Rxd4 Rc8 45. Rd1 c2 46. Rc1 Kf8 47. Bg4 Rc6 48. Bf5 Bg8 49. e5 Bxb3 50. exf6 gxf6 51. Kf1 Rc5 52. Bd3 Re5 53. g4 Ke7 54. f3 Rc5 55. Ke2 Kd6 56. f4 Be6 57. g5 fxg5 58. fxg5 Rxg5 59. Rxc2 Rxh5 60. Be4 Rg5 61. Kf3 h5 62. Rc6+ Ke7 63. Rc7+ Kf6 64. Rh7 Ke5 65. Rh6 Bf7 66. Rh7 Bb3 67. Bb7 Bd1+ 68. Kf2 Bg4 69. Rh8 Rg7 70. Re8+ Kd6 71. Bc8 Rf7+ 72. Kg1 Bf3 73. Bh3 Kc5 74. Rd8 Rg7+ 75. Kh2 Bd5 76. Rh8 Rg5 77. Rf8 Be4 78. Rd8 Kc4 79. Bf1+ Kc3 80. Bh3 Bd3 81. Bg2 Be2 82. Rd5 Rg7 83. Rf5 Bg4 84. Rf8 Be6 85. Rf6 Bf7 86. Rf5 Kd4 87. Ra5 Rg8 88. Ra7 Be6 89. Ra6 Bg4 90. Ra7 Bf5 91. Ra4+ Ke5 92. Ra5+ Kd4 93. Ra4+ Ke3 94. Ra3+ Kd2 95. Ra2+ Kc3 96. Bf3 h4 97. Ra5 Rf8 98. Bg2 Kd2 99. Ra4 Rh8 100. Rf4 Bc8 101. Bh3 Ba6 102. Bf1 1/2-1/2

[Event "FRA-ch Accession"]
[Site "Val d'Isere"]
[Date "2004.08.26"]
[Round "9"]
[White "Deleva, Michael"]
[Black "Philippe, Christophe"]
[Result "0-1"]
[WhiteElo "2187"]
[BlackElo "2335"]
[PlyCount "106"]
[EventDate "2004.08.16"]
[EventType "swiss"]
[EventRounds "11"]
[EventCountry "FRA"]
[SourceTitle "CBM 103 Extra"]
[Source "ChessBase"]
[SourceDate "2005.01.01"]
[SourceVersion "1"]
[SourceVersionDate "2005.01.01"]
[SourceQuality "1"]

1. d4 Nf6 2. c4 e6 3. Bg5 c5 4. d5 exd5 5. cxd5 h6 6. Bxf6 Qxf6 7. Nc3 g6 8. Nf3 Bg7 9. d6 0-0 10. e3 b6 11. Bc4 Bb7 12. Bd5 Nc6 13. 0-0 Kh7 14. Ne4 Qxb2 15. Rb1 Qa3 16. Nfg5+ Kg8 17. Qc2 Nb4 18. Nf6+ Kh8 19. Rxb4 Qxb4 20. Bxb7 Bxf6 21. Bxa8 Rxa8 22. Ne4 Bg7 23. Rb1 Qa3 24. g4 Kg8 25. Qc4 Rf8 26. Kh1 Re8 27. g5 Re6 28. h4 h5 29. Kg2 Be5 30. Qd5 Qa4 31. Rc1 Bg7 32. f3 Qa3 33. Re1 Qb2+ 34. Kg1 Be5 35. f4 Bg7 36. f5 gxf5 37. Qa8+ Kh7 38. g6+ Rxg6+ 39. Ng5+ Rxg5+ 40. hxg5 Qd2 41. Rf1 Qxe3+ 42. Kg2 Qxg5+ 43. Kf3 Qg4+ 44. Ke3 Bh6+ 45. Kf2 Qd4+ 46. Kg2 Qxd6 47. Qf3 Qc6 48. Qxc6 dxc6 49. Rxf5 Kg6 50. Rf3 c4 51. Rc3 b5 52. a4 Bd2 53. Rc2 c3 0-1

[Event "Chambery op 8th"]
[Site "Chambery"]
[Date "2002.08.05"]
[Round "4"]
[White "Deleva, Michael"]
[Black "Meinsohn, Pierre"]
[Result "0-1"]
[WhiteElo "2180"]
[BlackElo "2319"]
[PlyCount "122"]
[EventDate "2002.08.02"]
[EventType "swiss"]
[EventRounds "9"]
[EventCountry "FRA"]
[SourceTitle "CBM 089 Extra"]
[Source "ChessBase"]
[SourceDate "2002.09.10"]
[SourceVersion "2"]
[SourceVersionDate "2002.09.10"]
[SourceQuality "1"]

1. d4 Nf6 2. c4 c5 3. d5 b5 4. Nd2 e6 5. e4 bxc4 6. Bxc4 exd5 7. exd5 d6 8. Ne2 Be7 9. 0-0 0-0 10. Nf3 Nbd7 11. Re1 Rb8 12. a3 Ng4 13. Ng3 Bf6 14. Ne4 Nde5 15. Nxe5 Nxe5 16. Be2 Ng6 17. Ra2 h6 18. Bh5 Bd4 19. b4 Bb7 20. Qb3 Qh4 21. Bf3 Rfd8 22. Bb2 c4 23. Qd1 Bxb2 24. Rxb2 Ne5 25. Rc2 Rbc8 26. g3 Qh3 27. Bg2 Qf5 28. Qd4 Nf3+ 29. Bxf3 Qxf3 30. Rxc4 Rxc4 31. Qxc4 Rc8 32. Qd4 Rc2 33. h4 Bxd5 34. Qxd5 Rxf2 35. Qa8+ Kh7 36. Ng5+ hxg5 37. Qxf3 Rxf3 38. Kg2 Rxa3 39. hxg5 Ra6 40. Rd1 Rb6 41. b5 Kg8 42. g6 fxg6 43. Ra1 Rb7 44. Ra6 Rd7 45. b6 axb6 46. Rxb6 Kf7 47. Kf3 Ke6 48. Ke4 Ra7 49. Rb4 Ra3 50. g4 g5 51. Rb5 d5+ 52. Kd4 Ra4+ 53. Ke3 Rxg4 54. Rb6+ Kf5 55. Rb7 Re4+ 56. Kd3 Kf4 57. Rxg7 Re5 58. Kd4 Rf5 59. Ra7 g4 60. Ra1 g3 61. Rf1+ Kg4 0-1

[Event "Grenoble Masters 1st"]
[Site "Grenoble"]
[Date "2002.06.27"]
[Round "6"]
[White "Aguettaz, Maxime"]
[Black "Deleva, Michael"]
[Result "1/2-1/2"]
[WhiteElo "2206"]
[BlackElo "2186"]
[PlyCount "33"]
[EventDate "2002.06.22"]
[EventType "tourn"]
[EventRounds "9"]
[EventCountry "FRA"]
[EventCategory "3"]
[SourceTitle "CBM 088 Extra"]
[Source "ChessBase"]
[SourceDate "2002.07.01"]
[SourceVersion "2"]
[SourceVersionDate "2002.07.01"]
[SourceQuality "1"]

1. e4 e5 2. Nf3 Nf6 3. Bc4 Nxe4 4. Nc3 Nc6 5. Nxe4 d5 6. Bd3 dxe4 7. Bxe4 Bd6 8. d4 exd4 9. Bxc6+ bxc6 10. Qxd4 0-0 11. 0-0 c5 12. Qh4 Qxh4 13. Nxh4 Rb8 14. Re1 Be6 15. b3 c4 16. Bd2 Rfe8 17. Nf3 1/2-1/2

[Event "Grenoble Masters 1st"]
[Site "Grenoble"]
[Date "2002.06.26"]
[Round "5"]
[White "Deleva, Michael"]
[Black "Demarchi, Olivier"]
[Result "1/2-1/2"]
[WhiteElo "2186"]
[BlackElo "2180"]
[PlyCount "57"]
[EventDate "2002.06.22"]
[EventType "tourn"]
[EventRounds "9"]
[EventCountry "FRA"]
[EventCategory "3"]
[SourceTitle "CBM 088 Extra"]
[Source "ChessBase"]
[SourceDate "2002.07.01"]
[SourceVersion "2"]
[SourceVersionDate "2002.07.01"]
[SourceQuality "1"]

1. d4 Nf6 2. c4 g6 3. Nc3 Bg7 4. e4 d6 5. f4 0-0 6. Nf3 c5 7. d5 b5 8. cxb5 a6 9. a4 e6 10. Be2 axb5 11. Bxb5 exd5 12. e5 dxe5 13. fxe5 Ng4 14. Qxd5 Qxd5 15. Nxd5 Nxe5 16. Nxe5 Bxe5 17. Bh6 Bg7 18. Ne7+ Kh8 19. Bxg7+ Kxg7 20. Nxc8 Rxc8 21. 0-0 Nc6 22. Bxc6 Rxc6 23. Rfc1 Rb6 24. Ra2 Ra5 25. Rc4 Kf6 26. Kf2 Ke5 27. Ke3 Kd5 28. Kd3 Rb3+ 29. Rc3 1/2-1/2

[Event "Grenoble Masters 1st"]
[Site "Grenoble"]
[Date "2002.06.25"]
[Round "4"]
[White "Stoppa, Omar"]
[Black "Deleva, Michael"]
[Result "1-0"]
[WhiteElo "2224"]
[BlackElo "2186"]
[PlyCount "109"]
[EventDate "2002.06.22"]
[EventType "tourn"]
[EventRounds "9"]
[EventCountry "FRA"]
[EventCategory "3"]
[SourceTitle "CBM 088 Extra"]
[Source "ChessBase"]
[SourceDate "2002.07.01"]
[SourceVersion "2"]
[SourceVersionDate "2002.07.01"]
[SourceQuality "1"]

1. e4 e5 2. f4 exf4 3. Nf3 g5 4. Bc4 g4 5. 0-0 gxf3 6. Qxf3 Qf6 7. c3 Nc6 8. Bb3 Ne5 9. Qe2 Bh6 10. d4 Ng6 11. Na3 d6 12. Nb5 Kd8 13. e5 dxe5 14. dxe5 Qb6+ 15. Kh1 Be6 16. h4 N8e7 17. Nd4 c5 18. Nxe6+ fxe6 19. Rd1+ Ke8 20. Rd6 Nf5 21. Qc4 Nxd6 22. Qxe6+ Kd8 23. exd6 Qc6 24. Bd5 Qe8 25. Qf6+ Kc8 26. Bxf4 Nxf4 27. d7+ Qxd7 28. Qxh8+ Qd8 29. Bxb7+ Kxb7 30. Qxh7+ Qc7 31. Qxh6 Rg8 32. Rf1 Ne2 33. Qe6 Ng3+ 34. Kg1 Nxf1 35. Qxg8 Ne3 36. Qg5 Nc2 37. Qd5+ Kc8 38. Qf5+ Kb8 39. Qxc2 Qg3 40. Qf2 Qd6 41. g3 Qd1+ 42. Kh2 Qd5 43. b3 Kc8 44. Qe2 Qf5 45. Qa6+ Kd8 46. Qd6+ Kc8 47. Qc6+ Kb8 48. Qe8+ Kb7 49. Qe2 Kc8 50. b4 cxb4 51. cxb4 Qf8 52. Qc4+ Kd7 53. Qd4+ Ke6 54. Qc4+ Kd7 55. Qd5+ 1-0

[Event "Grenoble Masters 1st"]
[Site "Grenoble"]
[Date "2002.06.22"]
[Round "1"]
[White "Deleva, Michael"]
[Black "Foisor, Cristina Adela B"]
[Result "0-1"]
[WhiteElo "2186"]
[BlackElo "2437"]
[PlyCount "74"]
[EventDate "2002.06.22"]
[EventType "tourn"]
[EventRounds "9"]
[EventCountry "FRA"]
[EventCategory "3"]
[SourceTitle "CBM 088 Extra"]
[Source "ChessBase"]
[SourceDate "2002.07.01"]
[SourceVersion "2"]
[SourceVersionDate "2002.07.01"]
[SourceQuality "1"]

1. d4 g6 2. c4 Bg7 3. Nc3 d6 4. e4 e5 5. Nf3 Nd7 6. Be3 Nh6 7. dxe5 dxe5 8. h3 f6 9. c5 c6 10. Bc4 Qe7 11. b4 Nf7 12. 0-0 Nf8 13. Qa4 Bd7 14. Rfd1 Ne6 15. Qb3 Bc8 16. Rd3 0-0 17. Rad1 f5 18. Rd6 Re8 19. Bg5 Bf6 20. Bxf6 Qxf6 21. R6d2 Kg7 22. a4 f4 23. a5 h5 24. h4 g5 25. hxg5 Nfxg5 26. Nxg5 Qxg5 27. Rd7+ Bxd7 28. Rxd7+ Kf6 29. Bxe6 Rxe6 30. Qd1 Rg8 31. Qf3 Rg7 32. Rxg7 Kxg7 33. Qd3 Rg6 34. Qf3 Kf6 35. b5 a6 36. b6 Qg4 37. Nd5+ Ke6 0-1

[Event "FRA-ch U18"]
[Site "Amiens"]
[Date "2001.04.09"]
[Round "2"]
[White "Deleva, Michael"]
[Black "Queiras, Nicolas"]
[Result "1-0"]
[WhiteElo "2167"]
[BlackElo "2041"]
[PlyCount "55"]
[EventDate "2001.04.07"]
[EventType "swiss"]
[EventRounds "9"]
[EventCountry "FRA"]
[SourceTitle "EXT 2005"]
[Source "ChessBase"]
[SourceDate "2004.11.15"]
[SourceVersion "1"]
[SourceVersionDate "2004.11.15"]
[SourceQuality "1"]

1. d4 d5 2. Nf3 e6 3. c4 c6 4. Nc3 f5 5. g3 Bd6 6. Bg2 Nf6 7. 0-0 Nbd7 8. b3 Rg8 9. Qc2 Ne4 10. Ne1 Nxc3 11. Qxc3 Nf6 12. f3 g5 13. e4 Bc7 14. exf5 exf5 15. Nd3 h6 16. Ba3 Bd6 17. Rae1+ Kf7 18. Bxd6 Qxd6 19. Re2 g4 20. Ne5+ Kg7 21. fxg4 Nxg4 22. Nxg4 fxg4 23. cxd5 cxd5 24. Qe1 Kh8 25. Re7 Bd7 26. Rff7 Rgd8 27. Rh7+ Kg8 28. Reg7+ 1-0